[Event "MNT-chT 1st League"]
[Site "Podgorica"]
[Date "2019.07.24"]
[Round "5.4"]
[White "Vuckovic, Marko1111"]
[Black "Vukovic, Krsto"]
[Result "1-0"]
[WhiteElo "2009"]
[BlackElo "1920"]
[PlyCount "51"]
[EventDate "2019.07.20"]
[EventType "team-tourn"]
[EventRounds "9"]
[EventCountry "MNE"]
[SourceTitle "EXT 2020"]
[Source "ChessBase"]
[SourceDate "2019.10.17"]
[SourceVersion "1"]
[SourceVersionDate "2019.10.17"]
[SourceQuality "1"]
[WhiteTeam "Buducnost Omladinac"]
[BlackTeam "Prosvjeta"]
[WhiteTeamCountry "MNE"]
[BlackTeamCountry "MNE"]

1. e4 e5 2. Nf3 Nc6 3. d4 exd4 4. Nxd4 Qh4 5. Nc3 Bb4 6. Be2 Qxe4 7. Ndb5 Bxc3+ 8. bxc3 Kd8 9. 0-0 Nge7 10. Re1 Qd5 11. Bd3 a6 12. c4 Qc5 13. Be3 Qb4 14. Rb1 Qa4 15. Nxc7 Kxc7 16. Bb6+ Kb8 17. Be4 Ra7 18. Qd6+ Ka8 19. Bd5 Qxc2 20. Rb3 Qd2 21. Reb1 Re8 22. g3 Nf5 23. Qc7 Nfd4 24. R3b2 Qg5 25. Bxd4 Nxd4 26. Rxb7 1-0

[Event "EU-ch Amateur U2000"]
[Site "Niksic"]
[Date "2018.06.19"]
[Round "7"]
[White "Vukovic, Krsto"]
[Black "Lakusic, Zoran"]
[Result "1/2-1/2"]
[WhiteElo "1979"]
[BlackElo "1712"]
[PlyCount "69"]
[EventDate "2018.06.14"]
[EventType "swiss"]
[EventRounds "9"]
[EventCountry "MNE"]
[SourceTitle "EXT 2019"]
[Source "ChessBase"]
[SourceDate "2018.10.10"]
[SourceVersion "1"]
[SourceVersionDate "2018.10.10"]
[SourceQuality "1"]

1. e4 g6 2. d4 Bg7 3. f4 d6 4. Nc3 Nf6 5. e5 dxe5 6. fxe5 Nd5 7. Bb5+ c6 8. Bc4 Be6 9. Qf3 0-0 10. Bxd5 cxd5 11. Qe2 Nc6 12. Be3 a6 13. Nf3 b5 14. Qd2 Rc8 15. Ne2 Bf5 16. Ng3 e6 17. Nxf5 exf5 18. 0-0 Qc7 19. c3 Na5 20. Bf4 Nc4 21. Qf2 f6 22. Rfe1 Rfe8 23. b3 fxe5 24. bxc4 exf4 25. c5 Qa5 26. Qd2 Re4 27. Ng5 Bxd4+ 28. Kh1 Rxe1+ 29. Qxe1 Qxc3 30. Qe6+ Kg7 31. Qe7+ Kh6 32. Nf7+ Kg7 33. Ng5+ Kh6 34. Nf7+ Kg7 35. Ng5+ 1/2-1/2

[Event "EU-ch Amateur U2000"]
[Site "Niksic"]
[Date "2018.06.18"]
[Round "6"]
[White "Perovic, Rade"]
[Black "Vukovic, Krsto"]
[Result "1-0"]
[WhiteElo "1883"]
[BlackElo "1979"]
[PlyCount "63"]
[EventDate "2018.06.14"]
[EventType "swiss"]
[EventRounds "9"]
[EventCountry "MNE"]
[SourceTitle "EXT 2019"]
[Source "ChessBase"]
[SourceDate "2018.10.10"]
[SourceVersion "1"]
[SourceVersionDate "2018.10.10"]
[SourceQuality "1"]

1. c4 g6 2. Nc3 Bg7 3. Nf3 Bxc3 4. dxc3 Nc6 5. g3 e5 6. Bg2 e4 7. Nd4 f5 8. 0-0 Ne5 9. b3 Nf6 10. f3 c5 11. Nb5 d5 12. Bf4 Qe7 13. cxd5 0-0 14. c4 exf3 15. exf3 Nfd7 16. Re1 Qf6 17. Bh6 Rf7 18. f4 Ng4 19. Bg5 Qb6 20. Re8+ Nf8 21. d6 Kg7 22. Bd5 Rd7 23. h3 h6 24. Bh4 g5 25. fxg5 hxg5 26. Bxg5 a6 27. Nc7 Qxd6 28. Bf4 Qg6 29. hxg4 Rxc7 30. Be5+ Kh7 31. Rxf8 Re7 32. Rh8# 1-0

[Event "MNT-ch 65th"]
[Site "Cetinje"]
[Date "2013.07.24"]
[Round "5"]
[White "Kandic, Milojko"]
[Black "Vukovic, Krsto"]
[Result "0-1"]
[WhiteElo "2067"]
[BlackElo "1988"]
[PlyCount "71"]
[EventDate "2013.07.20"]
[EventType "swiss"]
[EventRounds "9"]
[EventCountry "MNE"]
[SourceTitle "CBM 155 Extra"]
[Source "ChessBase"]
[SourceDate "2013.08.26"]
[SourceVersion "1"]
[SourceVersionDate "2013.08.26"]
[SourceQuality "1"]

1. e4 b6 2. d4 Bb7 3. Nc3 e6 4. Nf3 Nf6 5. e5 Nd5 6. Nxd5 Bxd5 7. Bd3 c5 8. Ng5 cxd4 9. 0-0 Nc6 10. f4 Rc8 11. a3 g6 12. Be4 Bc4 13. Re1 f5 14. Bf3 h6 15. Bh5 hxg5 16. Bxg6+ Ke7 17. fxg5 Bg7 18. Bf4 Qc7 19. Qf3 Bxe5 20. Rxe5 Nxe5 21. Qg3 d6 22. Bxf5 exf5 23. Re1 Kd7 24. g6 Kc6 25. h4 Ng4 26. Rd1 Qg7 27. c3 d3 28. b3 Bxb3 29. Rxd3 d5 30. Rd4 Kb7 31. Qf3 Rxh4 32. Bg3 Qxd4+ 33. cxd4 Rc1+ 34. Qf1 Rxf1+ 35. Kxf1 Bc4+ 36. Ke1 0-1

[Event "Cetinje Batricevic Memorial op"]
[Site "Cetinje"]
[Date "2012.10.25"]
[Round "7"]
[White "Bozovic, Nikola"]
[Black "Vukovic, Krsto"]
[Result "1-0"]
[WhiteElo "2252"]
[BlackElo "2008"]
[PlyCount "37"]
[EventDate "2012.10.20"]
[EventType "swiss"]
[EventRounds "9"]
[EventCountry "MNE"]
[SourceTitle "EXT 2013"]
[Source "ChessBase"]
[SourceDate "2012.11.22"]
[SourceVersion "1"]
[SourceVersionDate "2012.11.22"]
[SourceQuality "1"]

1. d4 Nf6 2. c4 e5 3. dxe5 Ng4 4. e4 h5 5. Be2 Bb4+ 6. Nc3 Bxc3+ 7. bxc3 Qe7 8. Bxg4 hxg4 9. Qxg4 Rh4 10. Qxg7 Rxe4+ 11. Ne2 Qxe5 12. Qg8+ Ke7 13. Bg5+ f6 14. Qg7+ Ke6 15. Be3 Nc6 16. Rd1 Rxe3 17. fxe3 Qxe3 18. Rf1 Qg5 19. Nf4+ 1-0

[Event "Cetinje Batricevic Memorial op"]
[Site "Cetinje"]
[Date "2012.10.21"]
[Round "3"]
[White "Lakusic, Zoran"]
[Black "Vukovic, Krsto"]
[Result "0-1"]
[WhiteElo "1672"]
[BlackElo "2008"]
[PlyCount "112"]
[EventDate "2012.10.20"]
[EventType "swiss"]
[EventRounds "9"]
[EventCountry "MNE"]
[SourceTitle "EXT 2013"]
[Source "ChessBase"]
[SourceDate "2012.11.22"]
[SourceVersion "1"]
[SourceVersionDate "2012.11.22"]
[SourceQuality "1"]

1. e4 e5 2. Nf3 Nc6 3. Bb5 a6 4. Bxc6 dxc6 5. Nxe5 Qd4 6. Nf3 Qxe4+ 7. Qe2 Qxe2+ 8. Kxe2 Bg4 9. Re1 0-0-0 10. Nc3 Nf6 11. d3 Bb4 12. Bd2 Rhe8+ 13. Kf1 Bxf3 14. gxf3 Nd5 15. Rxe8 Rxe8 16. Re1 Rxe1+ 17. Kxe1 Bxc3 18. bxc3 b5 19. Ke2 Kd7 20. f4 Ke6 21. a3 Kf5 22. Kf3 Nb6 23. h3 a5 24. c4 a4 25. c5 Nd5 26. c4 bxc4 27. dxc4 Nf6 28. Ba5 Ne4 29. Bb4 g5 30. fxg5 Nxg5+ 31. Ke3 Nxh3 32. Ba5 Nf4 33. Bxc7 Ne6 34. Bd6 h5 35. f3 h4 36. Be7 h3 37. Bd6 f6 38. Bh2 Nxc5 39. Kd4 Ne6+ 40. Ke3 c5 41. Bd6 Nd8 42. Kf2 Nb7 43. Bc7 Ke6 44. Kg3 Nd6 45. Bb6 h2 46. Kxh2 Nxc4 47. Bxc5 Ke5 48. Kg3 f5 49. f4+ Ke4 50. Bb4 Nb6 51. Bc5 Nd5 52. Bd6 Nc3 53. Kh4 Nb5 54. Be5 Nxa3 55. Kg5 Nc2 56. Bc3 a3 0-1

[Event "Cetinje Batricevic Memorial op"]
[Site "Cetinje"]
[Date "2012.10.20"]
[Round "1"]
[White "Nikcevic, Nebojsa"]
[Black "Vukovic, Krsto"]
[Result "1-0"]
[WhiteElo "2432"]
[BlackElo "2008"]
[PlyCount "103"]
[EventDate "2012.10.20"]
[EventType "swiss"]
[EventRounds "9"]
[EventCountry "MNE"]
[SourceTitle "EXT 2013"]
[Source "ChessBase"]
[SourceDate "2012.11.22"]
[SourceVersion "1"]
[SourceVersionDate "2012.11.22"]
[SourceQuality "1"]

1. Nf3 b6 2. d4 Bb7 3. g3 Bxf3 4. exf3 e6 5. f4 d5 6. Nd2 c5 7. Bb5+ Nd7 8. Nf3 Ngf6 9. 0-0 cxd4 10. f5 Bc5 11. fxe6 fxe6 12. Nxd4 Bxd4 13. Qxd4 0-0 14. Bf4 a6 15. Bxd7 Nxd7 16. c4 Qf6 17. Qxf6 Nxf6 18. cxd5 Nxd5 19. Be5 Rac8 20. Rac1 Nb4 21. Bd4 b5 22. a3 Nd5 23. Rfe1 Kf7 24. Bc5 Rfe8 25. Rc2 Rc6 26. b4 Rec8 27. Rd2 R8c7 28. f4 g6 29. Kf2 Nb6 30. Rd8 Nd7 31. Bd4 Nf6 32. Kf3 Rc8 33. Rxc8 Rxc8 34. g4 Rc4 35. Bxf6 Kxf6 36. g5+ Ke7 37. Re3 Rc6 38. Kg4 Rc4 39. Rh3 e5 40. Rxh7+ Ke6 41. Ra7 Rxf4+ 42. Kg3 Kf5 43. h4 Rg4+ 44. Kh3 Rd4 45. Rf7+ Ke4 46. Rf6 Rd3+ 47. Kg4 Rxa3 48. Rxg6 Ra4 49. Rf6 Ke3 50. g6 Rxb4+ 51. Kh5 Rb1 52. g7 1-0

[Event "MNT-chTB"]
[Site "Andrijevica"]
[Date "2012.09.29"]
[Round "8"]
[White "Husovic, Nusret"]
[Black "Vukovic, Krsto"]
[Result "1-0"]
[WhiteElo "1892"]
[BlackElo "2008"]
[PlyCount "81"]
[EventDate "2012.09.14"]
[EventType "team-tourn"]
[EventRounds "9"]
[EventCountry "MNE"]
[SourceTitle "CBM 150 Extra"]
[Source "ChessBase"]
[SourceDate "2012.10.19"]
[SourceVersion "1"]
[SourceVersionDate "2012.10.19"]
[SourceQuality "1"]

1. e4 e5 2. Nf3 Nc6 3. d4 exd4 4. Nxd4 Qh4 5. Nc3 Bb4 6. Qd3 Nf6 7. Ndb5 0-0 8. Nxc7 Rb8 9. Bd2 Bxc3 10. bxc3 Qxe4+ 11. Qxe4 Nxe4 12. Bf4 Nxc3 13. Bd3 b6 14. a4 d5 15. Nb5 Nxb5 16. axb5 g5 17. Bxb8 Nxb8 18. Rxa7 Nd7 19. Kd2 Nc5 20. Re1 Nxd3 21. cxd3 Bf5 22. Re5 Be6 23. Rxg5+ Kh8 24. Rb7 Ra8 25. Rxb6 h6 26. Re5 d4 27. Rbxe6 fxe6 28. Rxe6 Ra2+ 29. Ke1 Ra3 30. Ke2 Rb3 31. Rxh6+ Kg7 32. Rh5 Rb2+ 33. Kf3 Rd2 34. Ke4 Rxf2 35. Rg5+ Kf6 36. h4 Rb2 37. g4 Rh2 38. Rf5+ Ke6 39. h5 Rg2 40. Rg5 Rb2 41. Kxd4 1-0

[Event "FRM-chT2 20th"]
[Site "Andrijevica"]
[Date "2011.09.25"]
[Round "7"]
[White "Perovic, Dragan"]
[Black "Vukovic, Krsto"]
[Result "0-1"]
[WhiteElo "2378"]
[BlackElo "2036"]
[PlyCount "68"]
[EventDate "2011.09.09"]
[EventType "team"]
[EventRounds "7"]
[EventCountry "MNE"]
[SourceTitle "CBM 144 Extra"]
[Source "ChessBase"]
[SourceDate "2011.10.28"]
[SourceVersion "1"]
[SourceVersionDate "2011.10.28"]
[SourceQuality "1"]

1. e4 e5 2. Nf3 Nc6 3. Bc4 Nd4 4. Nxe5 Qg5 5. Ng4 d5 6. Bxd5 Bxg4 7. f3 Bc8 8. 0-0 c6 9. f4 Qg4 10. Qxg4 Bxg4 11. Bc4 Nxc2 12. d4 Nxa1 13. Bd3 0-0-0 14. Be3 Bb4 15. Nc3 Nb3 16. axb3 c5 17. d5 a6 18. h3 Bd7 19. e5 Ne7 20. Be4 Nf5 21. Bf2 h5 22. g4 hxg4 23. hxg4 Nh6 24. g5 Ng4 25. Bg3 Rh3 26. Rf3 Rdh8 27. f5 c4 28. bxc4 Bc5+ 29. Kf1 Nh2+ 30. Bxh2 Rxf3+ 31. Bxf3 Rxh2 32. e6 fxe6 33. fxe6 Bxe6 34. dxe6 Rf2+ 0-1

[Event "EU-ch 10th"]
[Site "Budva"]
[Date "2009.03.12"]
[Round "7"]
[White "Maevsky, Nikolay"]
[Black "Vukovic, Krsto"]
[Result "1-0"]
[WhiteElo "2223"]
[BlackElo "2055"]
[PlyCount "57"]
[EventDate "2009.03.06"]
[EventType "swiss"]
[EventRounds "11"]
[EventCountry "MNE"]
[SourceTitle "CBM 130"]
[Source "ChessBase"]
[SourceDate "2009.05.20"]
[SourceVersion "1"]
[SourceVersionDate "2009.05.20"]
[SourceQuality "1"]

1. c4 Nf6 2. Nc3 g6 3. Nf3 Nc6 4. d4 d5 5. cxd5 Nxd5 6. e4 Nxc3 7. bxc3 Bg7 8. Bg5 Bg4 9. Be2 0-0 10. 0-0 f6 11. Be3 Qd6 12. Qb3+ Kh8 13. Qxb7 Rab8 14. Qa6 Rb6 15. Qd3 Qa3 16. d5 Bxf3 17. Bxb6 Ne5 18. Qa6 Qxa6 19. Bxa6 axb6 20. gxf3 Nxf3+ 21. Kg2 Nh4+ 22. Kh3 g5 23. f4 Ra8 24. Bd3 Ra3 25. Rac1 h6 26. f5 Kg8 27. Rc2 Kf7 28. Kg4 Ng2 29. Rxg2 1-0

[Event "MNT-chT1"]
[Site "Podgorica"]
[Date "2008.11.09"]
[Round "8"]
[White "Scekic, Nenad"]
[Black "Vukovic, Krsto"]
[Result "1/2-1/2"]
[WhiteElo "2113"]
[BlackElo "2055"]
[PlyCount "40"]
[EventDate "2008.09.07"]
[EventType "team-tourn"]
[EventRounds "9"]
[EventCountry "MNE"]
[SourceTitle "EXT 2010"]
[Source "ChessBase"]
[SourceDate "2010.11.25"]
[SourceVersion "1"]
[SourceVersionDate "2010.11.25"]
[SourceQuality "1"]

1. e4 e5 2. Nf3 Nc6 3. Bc4 Nd4 4. c3 Nxf3+ 5. Qxf3 Qf6 6. Qxf6 Nxf6 7. 0-0 Bc5 8. b4 Bb6 9. d3 d6 10. Be3 Be6 11. Bb5+ c6 12. Ba4 Ng4 13. d4 Nxe3 14. fxe3 Rf8 15. Nd2 0-0-0 16. Bb3 Bxb3 17. axb3 a6 18. Nc4 Bc7 19. Rf5 f6 20. Raf1 d5 1/2-1/2

[Event "MNT-chT1"]
[Site "Podgorica"]
[Date "2008.10.12"]
[Round "5"]
[White "Petrovic, Slavko"]
[Black "Vukovic, Krsto"]
[Result "1-0"]
[WhiteElo "2090"]
[BlackElo "2055"]
[PlyCount "93"]
[EventDate "2008.09.07"]
[EventType "team-tourn"]
[EventRounds "9"]
[EventCountry "MNE"]
[SourceTitle "EXT 2010"]
[Source "ChessBase"]
[SourceDate "2010.11.25"]
[SourceVersion "1"]
[SourceVersionDate "2010.11.25"]
[SourceQuality "1"]

1. e4 e5 2. Nf3 Nc6 3. Bb5 a6 4. Ba4 Nf6 5. 0-0 b5 6. Bb3 Bc5 7. c3 d6 8. d4 Bb6 9. h3 0-0 10. Be3 exd4 11. cxd4 Nxe4 12. Bd5 Qe8 13. Qc2 Nb4 14. Qxe4 Qxe4 15. Bxe4 d5 16. Bxh7+ Kxh7 17. Nc3 Be6 18. Rac1 Rac8 19. Rfd1 c5 20. dxc5 Bxc5 21. Bxc5 Rxc5 22. a3 Nc6 23. Nxb5 Rxc1 24. Rxc1 Na5 25. Nbd4 Re8 26. b4 Nc4 27. Rc3 Bd7 28. Kh2 Kg6 29. Nc2 Re4 30. Ne3 Nxe3 31. fxe3 Kf6 32. Nd4 Ke5 33. Kg3 Kd6 34. Kf2 f5 35. Ne2 Rc4 36. Rxc4 dxc4 37. h4 Ke5 38. Nc3 Bc6 39. g3 g6 40. Ke2 Kd6 41. Kd2 Ke5 42. a4 Bb7 43. b5 axb5 44. axb5 Kd6 45. Na4 Kd5 46. Kc3 Ke4 47. Nc5+ 1-0

[Event "MNT-chT1"]
[Site "Podgorica"]
[Date "2008.10.05"]
[Round "4"]
[White "Mustafic, Ismet"]
[Black "Vukovic, Krsto"]
[Result "1/2-1/2"]
[WhiteElo "2098"]
[BlackElo "2055"]
[PlyCount "62"]
[EventDate "2008.09.07"]
[EventType "team-tourn"]
[EventRounds "9"]
[EventCountry "MNE"]
[SourceTitle "EXT 2010"]
[Source "ChessBase"]
[SourceDate "2010.11.25"]
[SourceVersion "1"]
[SourceVersionDate "2010.11.25"]
[SourceQuality "1"]

1. d4 d5 2. Nf3 Nc6 3. Bf4 Bf5 4. e3 Nf6 5. Bd3 Bxd3 6. Qxd3 e6 7. 0-0 Bd6 8. Bg3 Ne4 9. c4 Nxg3 10. hxg3 Be7 11. cxd5 Qxd5 12. Nc3 Qd7 13. a3 a6 14. Rfd1 Rd8 15. Rd2 g5 16. Rad1 g4 17. Nh2 h5 18. d5 Ne5 19. Qe4 Bd6 20. dxe6 Qxe6 21. Ne2 Nc4 22. Rd4 b5 23. Qc6+ Kf8 24. Nf4 Qc8 25. Qd5 Re8 26. Qg5 Be7 27. Ng6+ fxg6 28. Qxg6 Bd6 29. Qf6+ Kg8 30. Qg6+ Kf8 31. Qf6+ Kg8 1/2-1/2

[Event "Bar op"]
[Site "Bar"]
[Date "2007.04.01"]
[Round "3"]
[White "Vukovic, Krsto"]
[Black "Ristic, Nebojsa M"]
[Result "0-1"]
[WhiteElo "2091"]
[BlackElo "2336"]
[PlyCount "94"]
[EventDate "2007.03.30"]
[EventType "swiss"]
[EventRounds "9"]
[EventCountry "YUG"]
[SourceTitle "CBM 117 Extra"]
[Source "ChessBase"]
[SourceDate "2007.05.09"]
[SourceVersion "1"]
[SourceVersionDate "2007.05.09"]
[SourceQuality "1"]

1. e4 e6 2. d4 d5 3. Nc3 Bb4 4. e5 c5 5. a3 Bxc3+ 6. bxc3 Ne7 7. Nf3 b6 8. Bb5+ Bd7 9. Bxd7+ Qxd7 10. 0-0 Nbc6 11. Be3 cxd4 12. cxd4 Na5 13. Nd2 Rc8 14. g4 Qc6 15. Ra2 Nc4 16. Nxc4 Qxc4 17. Qb1 0-0 18. Qb3 Qe2 19. h3 Rc4 20. Qd3 Qxd3 21. cxd3 Rc3 22. Rd1 Rfc8 23. Raa1 Kf8 24. Kf1 Ke8 25. Ke2 Nc6 26. Kd2 Na5 27. Ke2 Rc2+ 28. Kf3 Kd7 29. h4 Rb2 30. Bc1 Rb3 31. Ke2 Rc2+ 32. Rd2 Rbc3 33. Bb2 Rc8 34. Rb1 Nb3 35. Rxc2 Rxc2+ 36. Ke3 Nd2 37. Rd1 Rxb2 38. Rxd2 Rxd2 39. Kxd2 Kc6 40. Kc3 Kb5 41. Kb3 Ka5 42. f4 g6 43. a4 b5 44. axb5 Kxb5 45. Ka3 a5 46. Kb3 a4+ 47. Ka3 Ka5 0-1

[Event "Bar op"]
[Site "Bar"]
[Date "2007.03.30"]
[Round "1"]
[White "Vukovic, Krsto"]
[Black "Arsovic, Goran"]
[Result "0-1"]
[WhiteElo "2091"]
[BlackElo "2478"]
[PlyCount "58"]
[EventDate "2007.03.30"]
[EventType "swiss"]
[EventRounds "9"]
[EventCountry "YUG"]
[SourceTitle "CBM 117 Extra"]
[Source "ChessBase"]
[SourceDate "2007.05.09"]
[SourceVersion "1"]
[SourceVersionDate "2007.05.09"]
[SourceQuality "1"]

1. e4 c5 2. Nc3 d6 3. g3 Nc6 4. Bg2 g6 5. d3 Bg7 6. Be3 Nd4 7. Qd2 Qa5 8. Nge2 Bg4 9. Bxd4 cxd4 10. Nd5 Qxd2+ 11. Kxd2 Rc8 12. Rac1 Bh6+ 13. f4 Bxe2 14. Nxe7 Nxe7 15. Kxe2 0-0 16. c4 b6 17. Rc2 f5 18. Rhc1 g5 19. fxg5 Bxg5 20. Rf1 Rce8 21. Kd1 fxe4 22. Rxf8+ Rxf8 23. Bxe4 Nf5 24. Bxf5 Rxf5 25. Re2 Rf3 26. Kc2 Be3 27. Kb3 Kf7 28. Kb4 Bg5 29. Kb5 Rxd3 0-1